Toutes les victoires en Grand Chelem depuis 2010 - Statistiques

Statistiques générales
  • Ce quiz a été pris 102 fois
  • Le résultat moyen est 37 sur 49
Statistiques - réponses
Tournoi Année Vainqueur % Correct
Roland-Garros 2010 Rafael Nadal
96%
Open d'Australie 2010 Roger Federer
94%
Roland-Garros 2011 Rafael Nadal
93%
Roland-Garros 2012 Rafael Nadal
92%
US Open 2010 Rafael Nadal
91%
Roland-Garros 2013 Rafael Nadal
88%
Wimbledon 2011 Novak Djokovic
87%
Roland-Garros 2014 Rafael Nadal
87%
Wimbledon 2012 Roger Federer
87%
Open d'Australie 2011 Novak Djokovic
86%
US Open 2011 Novak Djokovic
86%
Open d'Australie 2012 Novak Djokovic
86%
Roland-Garros 2017 Rafael Nadal
86%
Open d'Australie 2013 Novak Djokovic
85%
Wimbledon 2013 Andy Murray
84%
Wimbledon 2014 Novak Djokovic
84%
Wimbledon 2010 Rafael Nadal
84%
Roland-Garros 2018 Rafael Nadal
84%
Roland-Garros 2019 Rafael Nadal
84%
US Open 2013 Rafael Nadal
82%
Roland-Garros 2020 Rafael Nadal
82%
Roland-Garros 2016 Novak Djokovic
80%
Roland-Garros 2021 Novak Djokovic
80%
Wimbledon 2021 Novak Djokovic
80%
Wimbledon 2018 Novak Djokovic
76%
Open d'Australie 2019 Novak Djokovic
76%
Wimbledon 2015 Novak Djokovic
75%
Open d'Australie 2016 Novak Djokovic
75%
Wimbledon 2019 Novak Djokovic
75%
Open d'Australie 2021 Novak Djokovic
75%
US Open 2012 Andy Murray
74%
Open d'Australie 2015 Novak Djokovic
74%
US Open 2015 Novak Djokovic
74%
Open d'Australie 2020 Novak Djokovic
74%
Open d'Australie 2022 Rafael Nadal
74%
Wimbledon 2017 Roger Federer
74%
US Open 2018 Novak Djokovic
73%
US Open 2017 Rafael Nadal
73%
US Open 2019 Rafael Nadal
73%
Open d'Australie 2017 Roger Federer
72%
Open d'Australie 2018 Roger Federer
72%
Open d'Australie 2014 Stanislas Wawrinka
71%
Roland-Garros 2015 Stanislas Wawrinka
71%
Wimbledon 2016 Andy Murray
69%
US Open 2021 Daniil Medvedev
68%
US Open 2020 Dominic Thiem
61%
US Open 2016 Stanislas Wawrinka
60%
Wimbledon 2020 Annulé
14%
US Open 2014 Marin CiIic
1%
Aucun quiz correspondant
Distribution des résultats
% des personnes avec chaque résultat
Percentile par nombre de réponses
Votre historique - résultats
Vous n’avez pas pris ce quiz